The small sects in America / (Record no. 1483)
[ view plain ]
| 000 -LEADER | |
|---|---|
| fixed length control field | 00807cam a2200277 a 4500 |
| 001 - CONTROL NUMBER | |
| control field | 83740 |
| 003 - CONTROL NUMBER IDENTIFIER | |
| control field | GBCCL |
| 005 - DATE AND TIME OF LATEST TRANSACTION | |
| control field | 20241126110402.0 |
| 008 - FIXED-LENGTH DATA ELEMENTS--GENERAL INFORMATION | |
| fixed length control field | 720526s1949 nyu b 000 0 eng |
| 010 ## - | |
| -- | 49010200 |
| 035 ## - SYSTEM CONTROL NUMBER | |
| System control number | (OCoLC)00318647 |
| 040 ## - CATALOGING SOURCE | |
| Original cataloging agency | DLC |
| Transcribing agency | WBU |
| Modifying agency | OCL |
| -- | SER |
| -- | LBB |
| 049 ## - | |
| -- | LBBK |
| -- | LBBN |
| 050 0# - | |
| -- | BR516 |
| -- | .C57 1949 |
| 082 0# - DEWEY DECIMAL CLASSIFICATION NUMBER | |
| Classification number | 280.0973 |
| Item number | CLA |
| 090 ## - LOCALLY ASSIGNED LC-TYPE CALL NUMBER (OCLC); LOCAL CALL NUMBER (RLIN) | |
| Classification number (OCLC) (R) ; Classification number, CALL (RLIN) (NR) | BR516.5 |
| Local cutter number (OCLC) ; Book number/undivided call number, CALL (RLIN) | .C5 |
| 100 1# - MAIN ENTRY--PERSONAL NAME | |
| Personal name | Clark, Elmer Talmage, |
| Dates associated with a name | 1886- |
| 9 (RLIN) | 2973 |
| 245 14 - TITLE STATEMENT | |
| Title | The small sects in America / |
| Statement of responsibility, etc. | by Elmer T. Clark. |
| 250 ## - EDITION STATEMENT | |
| Edition statement | Rev. ed. |
| 260 ## - PUBLICATION, DISTRIBUTION, ETC. | |
| Place of publication, distribution, etc. | New York : |
| Name of publisher, distributor, etc. | Abingdon-Cokesbury Press, |
| Date of publication, distribution, etc. | c1949. |
| 300 ## - PHYSICAL DESCRIPTION | |
| Extent | 256 p. ; |
| Dimensions | 24 cm. |
| 504 ## - BIBLIOGRAPHY, ETC. NOTE | |
| Bibliography, etc. note | Includes bibliographical references (p. 236-240). |
| 650 #0 - SUBJECT ADDED ENTRY--TOPICAL TERM | |
| Topical term or geographic name entry element | Sects |
| Geographic subdivision | United States. |
| 9 (RLIN) | 2884 |
| 651 #0 - SUBJECT ADDED ENTRY--GEOGRAPHIC NAME | |
| Geographic name | United States |
| General subdivision | Religion. |
| 9 (RLIN) | 1003 |
| 942 ## - ADDED ENTRY ELEMENTS (KOHA) | |
| Source of classification or shelving scheme | Dewey Decimal Classification |
| Koha item type | Books |
| Withdrawn status | Lost status | Source of classification or shelving scheme | Damaged status | Not for loan | Home library | Current Library | Shelving location | Date acquired | Total checkouts | Full call number | Barcode | Date last seen | Copy number | Price effective from | Koha item type |
|---|---|---|---|---|---|---|---|---|---|---|---|---|---|---|---|
| Dewey Decimal Classification | GRACE BIBLE COLLEGE | GRACE BIBLE COLLEGE | Church History | 2017-05-02 | 280.0973 CLA | 007083 | 2025-05-01 | c.1 | 2017-05-02 | Books |